Регионална библиотека "Любен Каравелов" - Русе

Основи по ботаника (Запис номер 408468)

MARC детайли
000 -Лидер
Контролно поле с фиксирана дължина 01617nam a2200349 c 4500
003 - Код на организацията, давaща контролен номер
Контролно поле BLK
005 - Дата и час на последна редакция
Контролно поле 20210415091230.0
008 - Елементи от данни с фиксирана дължина
fixed length control field 180408b bul|||||r ||||||| ||bul||
010 ## - Наследен системен номер
LC control number KNG00065055000
040 ## - Източник на каталожния запис
Идентификатор на билиотеката - собственик на записа BLK
041 ## - Код за език
Код за езика на текст/звукозапис или на отделно заглавие Български
Код за езика КДБФ Български
080 ## - УДК
Текстов определител УДК Систематична (специална) ботаника. Вж и 561; 57.06. Защита на отделните видове растения вж 502.7
УДК код - определител по УДК 582
УДК определител :001.4(075.8)
УДК - код + определител 582:001.4(075.8)
100 ## - Редна дума - Автор
Автор Петков, Стефан
Авторска отговорност първи автор
R(LIN) 1299
139 ## - Редно поле
Редна дума Петков, Стефан
245 ## - Сведения за заглавието
Заглавие Основи по ботаника
Подзаглавни данни Ч. 1 - 2
Редно поле (дума) Стефан Петков
Том Ч. 2
Заглавие на том Специална ботаника
257 ## - Страна на издаване
Страна на създаване/издаване България
260 ## - Област на издателските данни
Име на издателя, разпространителя и проч. Наука и изкуство
Година на издаване 1929
Място на издаване, разпространение и проч. София
300 ## - Физическа характеристика
Размери/Мащаб 25 см
380 ## - Жанр
Жанр Естествени науки. Математика
650 #4 - Допълнително описание по предмет – тема
Основно описание – тема или топоним Ботаника - учебници за ВУЗ
9 (RLIN) 245174
650 #4 - Допълнително описание по предмет – тема
Основно описание – тема или топоним Растения - систематика - определители
9 (RLIN) 249590
653 ## - Ключова дума – ненормативна
Ключова дума ботаника
653 ## - Ключова дума – ненормативна
Ключова дума растения
653 ## - Ключова дума – ненормативна
Ключова дума учебници за ВУЗ
760 1# - Описание на основната серия
Редна дума на основното описание Петков, Стефан
Място на издаване, издател и година 1929
Страници - том 515 с.
Заглавие Т. 2 Специална ботаника
852 ## - Местоположение
Форматна сигнатура Цб 5.235.8890
856 4# - Електронен адрес и достъп
Електронен формат pdf - файл
856 4# - Електронен адрес и достъп
Електронен формат pdf - файл
999 ## - СИСТЕМНИ КОНТРОЛНИ НОМЕРА
Koha biblionumber 408468
Koha biblioitemnumber 408468
942 ## - АРТИКУЛИ
Вид на библиотечния материал Книги
Скрит в OPAC Не
Периодичен библиозапис Да
944 ## - СЪЗДАВАНЕ И РЕДАКЦИЯ на ЗАПИСА
Създаване/Редакция Създаване
Дата на регистрацията/редакция 2021-04-15
Служител, извършил регистрацията/редакцията В. Т.
Наличности
Код за отписване Код за изгубен артикул Източник на класификационната схема Код за повреда Коз за рестрикции Код за отдаване Артикулен № Име на библиотеката - собственик Име на библиотеката, в която се намира в момента Статус (Текущо местоположение) Дата на вписване в системата Местоположение - отдел Цена в лева Инвентарен номер Систематично азбучна сигнатура Баркод Цена в евро Служебен тип на артикула
  Не е изгубен Universal Decimal Classification Не е повреден само за читалня ползва се в читалня 824140 Регионална библиотека "Любен Каравелов" Русе Регионална библиотека "Любен Каравелов" Русе Хранилище 2021-04-16 Основен фонд - ползва се само за читалня 0.42 8890-ІІ-а Цб 5.235.8890 900000055067 0.21 Книги
Vip Innovations Ltd, Rousse, Bulgaria 2025